Economia catalana / Agustí C. Camps
Descripción Física:
125 f. : mecanografiats ; 28 cm
Materias:
Economia -- Catalunya
MARC
| LEADER | 00000nam a2200000Ia 4500 | ||
|---|---|---|---|
| 001 | 953 | ||
| 008 | 160829s1932 xx 000 0 cat d | ||
| 080 | |a M-3-183 | ||
| 100 | |a Camps, Agustí C. |9 24210 | ||
| 245 | |a Economia catalana / Agustí C. Camps | ||
| 260 | |a Barcelona : |b [s.n.], |c 1932 | ||
| 300 | |a 125 f. : |b mecanografiats ; |c 28 cm | ||
| 650 | 0 | |a Economia |z Catalunya |9 19142 | |
| 901 | |a Arxiu | ||
| 942 | |n 1 | ||
| 952 | |0 0 |1 0 |4 0 |6 M3183 |7 1 |9 43024 |a Arxiu |b Arxiu |d 2016-12-01 |l 0 |o M-3-183 |p 953 |r 2016-12-01 00:00:00 |w 2016-12-01 |y ARXIU | ||
| 999 | |c 45567 |d 45567 | ||